Spell the Marvel Hero #121 - Statistics

General Stats
  • This quiz has been taken 13 times
  • The average score is 8 of 10
Answer Stats
Picture Answer % Correct
Spider-Man India
100%
America Chavez
89%
Cable
89%
Iceman
89%
Korg
89%
Punisher
89%
Lockheed
78%
Slapstick
67%
Superior Octopus
67%
Taegukgi
44%
No matching quizzes found
Score Distribution
Percent of People with Each Score
Percentile by Number Answered
Your Score History
You have not taken this quiz